| 000 | 00550cam a2200193 4500 | ||
|---|---|---|---|
| 008 | 000000n2001 000 0 eng u | ||
| 020 | _a1860814778 | ||
| 035 | _a(Sirsi) u113771 | ||
| 050 | _a690 | ||
| 110 | _aBuilding Research Establishment | ||
| 245 | _aDomestic chimneys for solid fuel : flue design and installation. | ||
| 260 |
_aLondon _bCRC Ltd _c2001 |
||
| 300 | _a4p. : ill. ; 30cm. | ||
| 490 |
_aBRE Good Building Guide _vGBG 46 |
||
| 650 | _aFLUES | ||
| 650 | _aCOMBUSTION PRODUCTS | ||
| 690 | _aBUILT ENVIRONMENT | ||
| 942 | _n0 | ||
| 999 |
_c101555 _d101555 |
||